Résumé de l'histoire de l'Égypte depuis les temps les plus reculés jusqu'à nos jours, précedé d'une étude sur les mœurs, les idées, les sciences, les arts et l'admisistration dans l'ancienne Égypte.
محفوظ في:
المؤلف الرئيسي:
التنسيق: كتاب
اللغة: French
منشور في:
Paris :
E. Leroux,
1894.
سلاسل:
Annales du Musee Guimet. Bibliotheque de vulgarisation.
الموضوعات:
الوسوم: إضافة وسم
لا توجد وسوم, كن أول من يضع وسما على هذه التسجيلة!
رقم الطلب: DT77 .A5
| LEADER | 00926nam a22002417a 4500 | ||
|---|---|---|---|
| 003 | OSt | ||
| 005 | 20260210080708.0 | ||
| 008 | 260210t1894 fr a g 000 0 fre d | ||
| 010 | |a 22004486 | ||
| 040 | |c ARCE Library | ||
| 043 | |a f-ua--- | ||
| 050 | 1 | 4 | |a DT77 |b .A5 |
| 100 | 1 | |a Amélineau, E. |q (Emile), |d 1850-1915. |e author | |
| 245 | 1 | 0 | |a Résumé de l'histoire de l'Égypte depuis les temps les plus reculés jusqu'à nos jours, précedé d'une étude sur les mœurs, les idées, les sciences, les arts et l'admisistration dans l'ancienne Égypte. |
| 264 | 1 | |a Paris : |b E. Leroux, |c 1894. | |
| 300 | |a ii, 323 pages : |b illustrations ; |c 19 cm. | ||
| 490 | 1 | |a Annales du Musee Guimet. Bibliotheque de vulgarisation. | |
| 500 | |a At head of title: E. Amélineau. | ||
| 651 | 0 | |a Egypt |x History. | |
| 830 | 0 | |a Annales du Musee Guimet. |p Bibliotheque de vulgarisation. | |
| 901 | |a reviewed | ||
| 942 | |c BK |2 lcc | ||
| 999 | |c 23581 |d 23581 | ||
